The preacher's complete homiletical commentary on the old testament, v. 17. (Record no. 2173)

000 -LEADER
fixed length control field 00534nam a2200157 a 4500
001 - CONTROL NUMBER
control field :::00019698$&:&@@
003 - CONTROL NUMBER IDENTIFIER
control field OkBaRHE
005 - DATE AND TIME OF LATEST TRANSACTION
control field 20100330204419.0
008 - FIXED-LENGTH DATA ELEMENTS--GENERAL INFORMATION
fixed length control field s1892 j 000 0 eng u
040 ## - CATALOGING SOURCE
Transcribing agency
245 14 - TITLE STATEMENT
Title The preacher's complete homiletical commentary on the old testament, v. 17.
260 ## - PUBLICATION, DISTRIBUTION, ETC. (IMPRINT)
Place of publication, distribution, etc New York, NY., :
Name of publisher, distributor, etc Funk and Wagnells
Date of publication, distribution, etc 1892
650 ## - SUBJECT ADDED ENTRY--TOPICAL TERM
Topical term or geographic name as entry element Bible
General subdivision Commentaries
942 ## - ADDED ENTRY ELEMENTS (KOHA)
Source of classification or shelving scheme
Koha item type Books
Copies
Damaged status Barcode Collection code Date acquired Copy number Permanent Location Price effective from Date last seen Not for loan Lost status Full call number Shelving location Withdrawn status Source of classification or shelving scheme Koha item type
 19698Reference2010-04-141RHEMA Bible Training College2010-04-142010-04-14  BS 491 .E1 V.17General Stacks  Books